000 00768nam a22001937a 4500
003 NUST-PNEC
005 20170116180722.0
008 141027b xxu||||| |||| 00| 0 eng d
020 _a0070070717
040 _cPNEC
082 _a620.1102 BRA
100 _9841
_aBrady, George S.
245 _aMaterials handbook : an encyclopedia for managers, technical professionals, purchasing and production managers, technicians, supervisors, and foremen
_cGeorge S. Brady
260 _aNew York
_bMcGraw-Hill Book Company
_c1986
300 _a1038 p. :
_c23 cm.
500 _ahttp://www.amazon.com/Materials-Handbook-encyclopedia-professionals-technicians/dp/0070070717/ref=sr_1_1?s=books&ie=UTF8&qid=1414397681&sr=1-1&keywords=0070070717
650 _xME
942 _2ddc
_cBK
999 _c61424
_d61424